| 000 | 00427nam a2200145Ia 4500 | ||
|---|---|---|---|
| 008 | 230917s9999||||xx |||||||||||||| ||und|| | ||
| 040 |
_e202455 _aMAIN |
||
| 041 | _aEnglish | ||
| 082 | _a581.2 B325L | ||
| 100 | _aBaudoin, A B A M, ed. | ||
| 245 | 0 | _aLaboratory exercises in plant pathology: An instructional kit (Teacher's manual) | |
| 260 |
_aJodhpur _bScientific Publishers _c2011 |
||
| 300 | _aviii, 196 p. | ||
| 942 | _cBK | ||
| 999 |
_c163629 _d163629 |
||